Technical papers : 1986 ASPRS-ACSM Annual Convention : Washington, D.C., March 16-21 : ACSM 46th Annual Meeting : ASPRS 52nd Annual Meeting
Αποθηκεύτηκε σε:
| Συλλογικό Έργο: | , , , |
|---|---|
| Μορφή: | Πρακτικό Συνεδρίου Βιβλίο |
| Γλώσσα: | English |
| Δημοσίευση: |
Falls Church, Va. :
American Society for Photogrammetry and Remote Sensing and American Congress on Surveying and Mapping,
1986
|
| Θέματα: | |
| Ετικέτες: |
Προσθήκη ετικέτας
Δεν υπάρχουν, Καταχωρήστε ετικέτα πρώτοι!
|
MARC
| LEADER | 00000nam a2200000 i 4500 | ||
|---|---|---|---|
| 001 | 1/9614 | ||
| 008 | 000822s1986 eng d | ||
| 020 | |a 0-937294-70-5 | ||
| 035 | |l 10063130 | ||
| 040 | |a GR-MY-UA |b gre |e aacr | ||
| 041 | 0 | |a eng | |
| 082 | 0 | |a 910.285 | |
| 111 | 2 | |a ASPRS-ACSM Convention |d (1986: |c Washington, D.C.) | |
| 245 | 1 | 0 | |a Technical papers : |b 1986 ASPRS-ACSM Annual Convention : Washington, D.C., March 16-21 : ACSM 46th Annual Meeting : ASPRS 52nd Annual Meeting |
| 246 | 3 | 3 | |a 1986 ACSM-ASPRS annual convention |
| 260 | |a Falls Church, Va. : |b American Society for Photogrammetry and Remote Sensing and American Congress on Surveying and Mapping, |c 1986 | ||
| 300 | |a 286 σ. |b εικ. | ||
| 504 | |a Περιέχει βιβλιογραφία και ευρετήριο | ||
| 505 | 0 | |a Volume 3: Geographic information systems | |
| 650 | 0 | 0 | |a Geographic information systems |v Congresses. |
| 710 | 2 | |a American Society for Photogrammetry and Remote Sensing. | |
| 710 | 2 | |a American Congress on Surveying and Mapping. | |
| 711 | 2 | |a ASPRS Meeting |n (52th: |d 1986: |c Washington, D.C.) | |
| 711 | 2 | |a American Congress on Surveying and Mapping |n (46th: |d 1986: |c Washington, D.C.) | |
| 852 | |a INST |b LESVOS |e 20000822 |h 910.285 ASP |p 005100023200 |q 005100023200 |t BK |y 0 |z v.3 | ||
| 852 | |a INST |b LESVOS |e 20000822 |h 910.285 ASP |p 005100023200 |q 005100023200 |t BK |v v.3: |y 0 |z v.3 | ||
| 853 | |a INST |b LESVOS |h 910.285 ASP | ||
| 901 | |a BIBL1-2000-2 | ||
| 909 | |a Λ |b 015374 | ||
| 922 | |a 1ΕΛΗ |b 198910 |c ΠΠ/8121/ | ||
| 970 | |z 2000/08/ELIDOC | ||